000 00250nam a22001217a 4500
008 181009b xxu||||| |||| 00| 0 eng d
041 _aeng
080 _a573
100 _a11
101 _aBIO
245 _aBiology
_cSchefler, W.C
942 _2udc
_cBK
999 _c49108
_d49108